Statistics for Roddy Ricch Charting Songs (Billboard Hot Rap / R&B)

Click here to take the quiz!

General Stats

  • This quiz has been taken 14 times
    (4 since last reset)
  • The average score is 11 of 38

Answer Stats

AlbumWeeks OnPeakArtist(s)Song% Correct
Perfect Ten32 Weeks#4Mustard & Roddy RicchBallin'
100%
Blame It On Baby39 Weeks#1DaBaby ft. Roddy RicchROCKSTAR
100%
Please Excuse Me For Being Antisocial30 Weeks#1Roddy RicchThe Box
100%
Free Dem Boyz20 Weeks#2542 Dugg & Roddy Ricch4 Da Gang
50%
Please Excuse Me For Being Antisocial26 Weeks#12Roddy Ricch ft. MustardHigh Fashion
50%
Artist 2.03 Weeks#12A Boogie wit da Hoodie ft. Roddy Ricch, Gunna & London on da TrackNumbers
50%
Non-Album Single1 Week#46Marshmello & Roddy RicchProject Dreams
50%
Non-Album Single14 Weeks#11Nipsey Hussle ft. Roddy Ricch & Hit-BoyRacks in the Middle
50%
Championships1 Week#42Meek Mill ft. Future, Roddy Ricch & Young ThugSplash Warning
50%
Please Excuse Me For Being Antisocial13 Weeks#25Roddy Ricch ft. GunnaStart wit Me
50%
Top Shotta20 Weeks#16NLE Choppa ft. Roddy RicchWalk Em Down
50%
Please Excuse Me For Being Antisocial1 Week#43Roddy RicchBig Stepper
25%
WUNNA4 Weeks#16Gunna ft. Roddy RicchCooler than a Bitch
25%
Twelve Carat Toothache20 Weeks#5Post Malone ft. Roddy RicchCooped Up
25%
Feed tha Streets II8 Weeks#38Roddy RicchDie Young
25%
Feed tha Streets II1 Week#48Roddy RicchEvery Season
25%
Non-Album Single1 Week#37Cordae ft. Roddy RicchGifted
25%
Please Excuse Me For Being Antisocial1 Week#50Roddy RicchIntro
25%
Live Life Fast22 Weeks#6Roddy RicchLate at Night
25%
Non-Album Single2 Weeks#34Meek Mill ft. Roddy RicchLetter to Nipsey
25%
Please Excuse Me For Being Antisocial6 Weeks#31Roddy Ricch ft. Meek MillPeta
25%
Live Life Fast1 Week#26Roddy RicchThailand
25%
Shoot for the Stars, Aim for the Moon23 Weeks#9Pop Smoke ft. 50 Cent & Roddy RicchThe Woo
25%
Please Excuse Me For Being Antisocial7 Weeks#32Roddy Ricch ft. A Boogie wit da HoodieTip Toe
25%
Feed tha Streets III1 Week#35Roddy Ricch ft. Lil DurkTwin
25%
Live Life Fast3 Weeks#18Roddy Ricch25 Million
0%
Live Life Fast1 Week#32Roddy Ricch ft. FutureAll Good
0%
Feed tha Streets III1 Week#36Roddy RicchAston Martin Truck
0%
Please Excuse Me For Being Antisocial2 Weeks#49Roddy Ricch ft. Ty Dolla $ignBacc Seat
0%
Khaled Khaled1 Week#33DJ Khaled ft. Bryson Tiller, Lil Baby & Roddy RicchBody in Motion
0%
Me vs. Myself1 Week#41A Boogie wit da Hoodie ft. Roddy RicchB.R.O. (Better Ride Out)
0%
Live Life Fast1 Week#44Roddy Ricch ft. GunnaDon't I
0%
God Did1 Week#39DJ Khaled ft. Gunna & Roddy RicchFam Good, We Good
0%
Live Life Fast1 Week#25Roddy Ricch ft. 21 Savage & Kodak BlackHibachi
0%
God Did1 Week#18DJ Khaled ft. Lil Durk, 21 Savage & Roddy RicchKeep Going
0%
Live Life Fast1 Week#21Roddy Ricch ft. Lil BabyMoved to Miami
0%
The Big 31 Week#43Roddy RicchReal Talk
0%
Feed tha Streets III1 Week#31Roddy RicchStop Breathing
0%

Score Distribution

Percentile by Number Answered

Percent of People with Each Score

Your Score History

You have not taken this quiz since the last reset